Estadística / Sigmund Schott ; traducido y anotado por Manuel Sánchez Sarto
Descripción Física:
206 p. : il., [2] f. pleg. ; 19 cm
Otros Autores:
Sánchez Sarto, Manuel, tr
Materias:
Estadística
MARC
| LEADER | 00000nam a2200000Ia 4500 | ||
|---|---|---|---|
| 001 | 1014 | ||
| 008 | 160829s1928 xx 000 0 cat d | ||
| 080 | |a M-2-332 | ||
| 100 | |a Schott, Sigmund |9 34412 | ||
| 245 | |a Estadística / Sigmund Schott ; traducido y anotado por Manuel Sánchez Sarto | ||
| 260 | |a Barcelona : |b Ed. labor, |c 1928 | ||
| 300 | |a 206 p. : |b il., [2] f. pleg. ; |c 19 cm | ||
| 490 | |a Colección Labor : Biblioteca de iniciación cultural : sección X : Economía ; 186 | ||
| 650 | |a Estadística |9 34413 | ||
| 700 | |a Sánchez Sarto, Manuel, tr. |9 34414 | ||
| 901 | |a Arxiu | ||
| 942 | |n 1 | ||
| 952 | |0 0 |1 0 |4 0 |6 M2332 |7 1 |9 46502 |a Arxiu |b Arxiu |d 2016-12-01 |l 0 |o M-2-332 |p 1014 |r 2016-12-01 00:00:00 |w 2016-12-01 |y ARXIU | ||
| 999 | |c 50293 |d 50293 | ||